00646cam a22001931 450000100060000000300080000600500170001400800410003103500190007204000340009104100080012508200200013310000540015324500960020726000510030330000270035450400510038165000200043211552BD-RjUL20211208235138.0140127s1954 mau b 001 0 eng d a(BD-RjUL)11601 aDLCcDLCdDLCd(BD-RjUL)beng aeng00a340.1bHOL 19541 aHoebel, E. Adamsonq(Edward Adamson),d1906-1993.14aThe law of primitive man :ba study in comparative legal dynamics /cby E. Adamson Hoebel, aCambridge :bHarvard University Press,cc1954. aviii, 357 p. ;c22 cm. aIncludes Index and Bibliography: p. [335]-349. 0aLaw, Primitive.